000 00664nam a2200217Ii 4500
003 JO-AjNU
008 230606s9999||||xx |||||||||||||| ||und||
020 _a978-1-405-16178-7
040 _aJO-AjNU
_beng
_erda
_cJO-AjNU
041 _aeng
050 1 4 _aHF1009.5.2011
100 3 _aSheth,Jagdish N , Malhotra, Naresh K,
_eauthor
_91896
245 0 0 _aWiley International Encyclopedia Of Marketing: Volume7 Cumulative Index
250 _a2 ed
264 3 1 _asingapore: py markono pte ltd,2011
300 _a77p
336 _atext
_btxt
_2rdacontent
337 _aunmediated
_bn
_2rdamedia
338 _avolume
_bnc
_2rdacarrier
650 4 _aCumulative Index
_91897
999 _aE998
_c998
_d998